[Event "Verbandsliga Suedbaden 2223"]
[Site "Germany"]
[Date "2022.11.20"]
[Round "3.3"]
[White "Schwing, Hans Elmar"]
[Black "Gersinska, Juergen"]
[Result "0-1"]
[WhiteElo "2319"]
[BlackElo "2210"]
[PlyCount "80"]
[EventDate "2022.09.25"]
[EventType "team-tourn"]
[EventRounds "9"]
[EventCountry "GER"]
[SourceTitle "EXT 2024"]
[Source "ChessBase"]
[SourceDate "2023.10.10"]
[SourceVersion "1"]
[SourceVersionDate "2023.10.10"]
[SourceQuality "1"]
[WhiteTeam "Dreisamtal"]
[BlackTeam "Hoerden"]
[WhiteTeamCountry "GER"]
[BlackTeamCountry "GER"]

1. d4 Nf6 2. c4 g6 3. Nc3 Bg7 4. e4 d6 5. Nf3 0-0 6. Be2 c5 7. d5 e6 8. 0-0 Re8 9. Bf4 exd5 10. exd5 a6 11. h3 Bf5 12. Bd3 Bxd3 13. Qxd3 Qc7 14. Rfe1 Nbd7 15. Rad1 Rab8 16. Kf1 Kf8 17. Ng5 h6 18. Qg3 Ne5 19. Bxe5 Rxe5 20. Rxe5 dxe5 21. Nge4 Nxe4 22. Nxe4 f5 23. Nc3 Kf7 24. f3 b5 25. cxb5 axb5 26. d6 Qc6 27. Qh4 Rb7 28. Qd8 Bf6 29. Qa8 Qd7 30. Qa6 Bd8 31. a4 Rb6 32. Qa8 bxa4 33. Qd5+ Kf6 34. Qxc5 Rxb2 35. f4 exf4 36. Qd4+ Kf7 37. Qxf4 Qc6 38. Nd5 Qc2 39. Ne3 Qe2+ 40. Kg1 Bb6 0-1

[Event "Verbandsliga Suedbaden 1920"]
[Site "Baden"]
[Date "2020.03.08"]
[Round "7.4"]
[White "Norgauer, Michael"]
[Black "Gersinska, Juergen"]
[Result "0-1"]
[WhiteElo "1968"]
[BlackElo "2241"]
[PlyCount "54"]
[EventDate "2019.09.29"]
[EventType "team-tourn"]
[EventRounds "9"]
[EventCountry "GER"]
[SourceTitle "EXT 2021"]
[Source "ChessBase"]
[SourceDate "2020.10.23"]
[SourceVersion "1"]
[SourceVersionDate "2020.10.23"]
[SourceQuality "1"]
[WhiteTeam "Konstanz"]
[BlackTeam "Baden-Baden V"]
[WhiteTeamCountry "GER"]
[BlackTeamCountry "GER"]

1. c4 g6 2. Nf3 Nf6 3. Nc3 Bg7 4. g3 0-0 5. Bg2 d6 6. d4 Nc6 7. 0-0 a6 8. Re1 Re8 9. h3 Rb8 10. e4 e5 11. Be3 exd4 12. Nxd4 Ne5 13. b3 c5 14. Nc2 b5 15. f4 Ned7 16. Qxd6 b4 17. e5 bxc3 18. exf6 Rb6 19. Qd3 Bxf6 20. Rad1 Qc7 21. Kh2 Rbe6 22. h4 Nf8 23. Bd5 R6e7 24. Bf2 Bf5 25. Rxe7 Qxe7 26. Re1 Bxd3 27. Rxe7 Rxe7 0-1

[Event "Oberliga Baden 1920"]
[Site "Baden"]
[Date "2020.02.09"]
[Round "6.8"]
[White "Hanisch, Joerg"]
[Black "Gersinska, Juergen"]
[Result "1-0"]
[WhiteElo "2044"]
[BlackElo "2241"]
[PlyCount "33"]
[EventDate "2019.09.29"]
[EventType "team-tourn"]
[EventRounds "9"]
[EventCountry "GER"]
[SourceTitle "CBM 195 Extra"]
[Source "ChessBase"]
[SourceDate "2020.05.31"]
[SourceVersion "1"]
[SourceVersionDate "2020.05.31"]
[SourceQuality "1"]
[WhiteTeam "Sasbach"]
[BlackTeam "Baden-Baden III"]
[WhiteTeamCountry "GER"]
[BlackTeamCountry "GER"]

1. e4 c5 2. Nf3 e6 3. d4 cxd4 4. Nxd4 Nc6 5. Nc3 Qc7 6. Be3 a6 7. Qd2 Nf6 8. 0-0-0 Be7 9. f3 b5 10. Kb1 0-0 11. g4 Nxd4 12. Bxd4 Bb7 13. g5 Nh5 14. Ne2 e5 15. Bc3 d5 16. exd5 Bxd5 17. Ba5 1-0

[Event "Verbandsliga Suedbaden 1819"]
[Site "Baden"]
[Date "2018.12.02"]
[Round "3.7"]
[White "Ehret, Thomas"]
[Black "Gersinska, Juergen"]
[Result "1-0"]
[WhiteElo "2067"]
[BlackElo "2241"]
[PlyCount "41"]
[EventDate "2018.10.14"]
[EventType "team-tourn"]
[EventRounds "9"]
[EventCountry "GER"]
[SourceTitle "EXT 2020"]
[Source "ChessBase"]
[SourceDate "2019.10.17"]
[SourceVersion "1"]
[SourceVersionDate "2019.10.17"]
[SourceQuality "1"]
[WhiteTeam "Emmendingen II"]
[BlackTeam "Baden-Baden IV"]
[WhiteTeamCountry "GER"]
[BlackTeamCountry "GER"]

1. d4 Nf6 2. c4 g6 3. Nc3 Bg7 4. e4 d6 5. Nf3 0-0 6. Be2 c5 7. d5 e6 8. Bg5 h6 9. Bh4 Re8 10. Nd2 Na6 11. 0-0 Nc7 12. Rb1 exd5 13. cxd5 g5 14. Bg3 b5 15. Bxb5 Nxb5 16. Nxb5 Nxe4 17. Nxe4 Rxe4 18. Nxd6 Rd4 19. Qh5 f5 20. Qf7+ Kh8 21. Rfe1 1-0

[Event "Verbandsliga Suedbaden 1718"]
[Site "Baden"]
[Date "2018.04.22"]
[Round "8.4"]
[White "Zichanowicz, Mark"]
[Black "Gersinska, Juergen"]
[Result "1/2-1/2"]
[WhiteElo "2112"]
[BlackElo "2241"]
[PlyCount "54"]
[EventDate "2017.10.08"]
[EventType "team-tourn"]
[EventRounds "9"]
[EventCountry "GER"]
[SourceTitle "EXT 2019"]
[Source "ChessBase"]
[SourceDate "2018.10.10"]
[SourceVersion "1"]
[SourceVersionDate "2018.10.10"]
[SourceQuality "1"]
[WhiteTeam "Waldshut"]
[BlackTeam "Baden-Baden IV"]
[WhiteTeamCountry "GER"]
[BlackTeamCountry "GER"]

1. d4 Nf6 2. Nf3 g6 3. Bf4 c5 4. e3 b6 5. Nbd2 Bb7 6. Bd3 Bg7 7. 0-0 0-0 8. c3 d5 9. h3 Nc6 10. Qe2 Nd7 11. Rfd1 e5 12. dxe5 Ndxe5 13. Ba6 Qe7 14. Bxb7 Qxb7 15. Nxe5 Nxe5 16. Nf3 Nc6 17. Rd2 Rad8 18. Rad1 b5 19. Bg5 Rd7 20. e4 d4 21. e5 Re8 22. Bf4 Red8 23. cxd4 Nxd4 24. Nxd4 Rxd4 25. e6 Rxd2 26. Rxd2 Rxd2 27. Bxd2 fxe6 1/2-1/2

[Event "Verbandsliga Suedbaden 1516"]
[Site "Baden"]
[Date "2016.02.14"]
[Round "6.6"]
[White "Weidauer, Sigurd"]
[Black "Gersinska, Juergen"]
[Result "0-1"]
[WhiteElo "1986"]
[BlackElo "2271"]
[PlyCount "170"]
[EventDate "2015.09.27"]
[EventType "team-tourn"]
[EventRounds "9"]
[EventCountry "GER"]
[SourceTitle "EXT 2022"]
[Source "ChessBase"]
[SourceDate "2021.10.06"]
[SourceVersion "1"]
[SourceVersionDate "2021.10.06"]
[SourceQuality "1"]
[WhiteTeam "Sasbach"]
[BlackTeam "Baden Baden IV"]
[WhiteTeamCountry "GER"]
[BlackTeamCountry "GER"]

1. e4 c5 2. a3 g6 3. Nc3 Bg7 4. f4 e6 5. Nf3 Nc6 6. b4 b6 7. bxc5 bxc5 8. Rb1 Nge7 9. e5 d6 10. exd6 Qxd6 11. Ne4 Qxf4 12. Nxc5 Qc7 13. Be2 0-0 14. Ne4 f5 15. Nf2 Nd5 16. Bb2 Rd8 17. Bxg7 Kxg7 18. Rb3 e5 19. 0-0 Na5 20. Qa1 Nxb3 21. cxb3 Nf4 22. Bc4 Re8 23. Bb5 Bd7 24. Bxd7 Qxd7 25. Re1 Qd5 26. Qc3 Rac8 27. Qe3 Qc5 28. d4 Qc3 29. Qxc3 Rxc3 30. dxe5 Rxb3 31. Rd1 Re7 32. Nd4 Rxa3 33. g3 Ne6 34. Nc6 Rc7 35. Rd6 Ra6 36. Rxe6 Raxc6 37. Re8 Kf7 38. Rh8 Ke6 39. Nd3 Rc3 40. Rd8 g5 41. Rd6+ Ke7 42. Nb4 Rc1+ 43. Kf2 R1c5 44. Nd5+ Rxd5 45. Rxd5 Ke6 46. Ra5 h5 47. h4 gxh4 48. gxh4 Rg7 49. Kf3 Rg4 50. Rxa7 Rxh4 51. Ra5 Re4 52. Kg3 Rd4 53. Kf3 h4 54. Rb5 Rg4 55. Ra5 h3 56. Kf2 h2 57. Ra6+ Kxe5 58. Rh6 Ra4 59. Kg2 Ra2+ 60. Kh1 Ra4 61. Kxh2 Rg4 62. Ra6 Rb4 63. Kg3 Rb3+ 64. Kf2 Kf4 65. Ra4+ Kg5 66. Ra8 Kg4 67. Rg8+ Kf4 68. Rf8 Rb2+ 69. Kf1 Kg4 70. Ra8 f4 71. Ra3 Rb1+ 72. Kf2 Rh1 73. Kg2 Re1 74. Kf2 Rb1 75. Rc3 Rh1 76. Kg2 Rh7 77. Rc4 Re7 78. Kf2 Ra7 79. Rc3 Ra2+ 80. Kf1 Rd2 81. Ra3 Rh2 82. Ra8 Kg3 83. Kg1 Rb2 84. Ra1 f3 85. Kf1 Rh2 0-1

[Event "Verbandsliga Suedbaden 1516"]
[Site "Baden"]
[Date "2015.10.25"]
[Round "2.6"]
[White "Steinwachs, Christian"]
[Black "Gersinska, Juergen"]
[Result "0-1"]
[WhiteElo "2108"]
[BlackElo "2271"]
[PlyCount "98"]
[EventDate "2015.09.27"]
[EventType "team-tourn"]
[EventRounds "9"]
[EventCountry "GER"]
[SourceTitle "EXT 2022"]
[Source "ChessBase"]
[SourceDate "2021.10.06"]
[SourceVersion "1"]
[SourceVersionDate "2021.10.06"]
[SourceQuality "1"]
[WhiteTeam "Zaehringen"]
[BlackTeam "Baden Baden IV"]
[WhiteTeamCountry "GER"]
[BlackTeamCountry "GER"]

1. e4 c5 2. d4 cxd4 3. c3 dxc3 4. Nxc3 Nc6 5. Nf3 a6 6. Bc4 d6 7. 0-0 Nf6 8. h3 e6 9. Qe2 Be7 10. Rd1 Qc7 11. a4 0-0 12. Bf4 Ne5 13. Ba2 Bd7 14. Nd4 Rac8 15. Rac1 Qb8 16. Be3 b5 17. axb5 axb5 18. Ndxb5 Nxe4 19. Bf4 Nxc3 20. Nxc3 Ng6 21. Bg3 Qb6 22. Bb1 Rfe8 23. h4 Nxh4 24. Ne4 Rxc1 25. Rxc1 Ng6 26. Qd2 d5 27. Nc3 Bf6 28. Nd1 Rc8 29. Rxc8+ Bxc8 30. Qc2 Bd7 31. Bc7 Qc6 32. Qxc6 Bxc6 33. Bd3 Ba4 34. Nc3 Bb3 35. g3 Ne5 36. Bb5 Nc4 37. Bxc4 Bxc4 38. f4 d4 39. Ne4 Be7 40. Nd2 Bd5 41. Ba5 f6 42. Kf2 e5 43. fxe5 fxe5 44. Nf3 Bd6 45. g4 Kf7 46. b4 h6 47. b5 Ke6 48. b6 Bc5 49. Nd2 e4 0-1

[Event "Verbandsliga Suedbaden 1415"]
[Site "Baden"]
[Date "2015.01.25"]
[Round "5.3"]
[White "Rauch, Uwe"]
[Black "Gersinska, Juergen"]
[Result "0-1"]
[WhiteElo "2193"]
[BlackElo "2271"]
[PlyCount "102"]
[EventDate "2014.10.12"]
[EventType "team-tourn"]
[EventRounds "9"]
[EventCountry "GER"]
[SourceTitle "EXT 2022"]
[Source "ChessBase"]
[SourceDate "2021.10.06"]
[SourceVersion "1"]
[SourceVersionDate "2021.10.06"]
[SourceQuality "1"]
[WhiteTeam "Offenburg"]
[BlackTeam "Baden Baden IV"]
[WhiteTeamCountry "GER"]
[BlackTeamCountry "GER"]

1. e4 c5 2. Nf3 d6 3. d4 cxd4 4. Nxd4 Nf6 5. Nc3 a6 6. Bg5 e6 7. f4 Be7 8. Qf3 Qc7 9. 0-0-0 Nbd7 10. Kb1 b5 11. Bxf6 Nxf6 12. e5 Bb7 13. Qg3 dxe5 14. fxe5 Nh5 15. Qe3 g6 16. Ncxb5 axb5 17. Bxb5+ Kf8 18. Rhf1 Bd5 19. a4 Ng7 20. Rf6 Bxf6 21. exf6 Nh5 22. Rf1 Nxf6 23. Rxf6 Kg7 24. Qf2 Rhf8 25. h4 Rad8 26. g4 h6 27. g5 hxg5 28. hxg5 Qe5 29. Rf4 Qxg5 30. Qe3 Kg8 31. Nf3 Qh5 32. c4 Bb7 33. Rh4 Qf5+ 34. Ka2 Bxf3 35. Rf4 Rd3 36. Qc1 Rd1 37. Rxf5 Rxc1 38. Rxf3 f5 39. b4 g5 40. Bd7 Kf7 41. Re3 Rd8 42. Bxe6+ Kf6 43. Bd5 f4 44. Re6+ Kf5 45. Re7 g4 46. Rf7+ Ke5 47. Re7+ Kd4 48. Kb2 Rf1 49. Re2 g3 50. Rd2+ Ke3 51. Kc3 Rc1+ 0-1

[Event "Verbandsliga Sued Baden 1314"]
[Site "Germany"]
[Date "2014.03.09"]
[Round "7.3"]
[White "Gersinska, Juergen"]
[Black "Schulz, Vladimir"]
[Result "1/2-1/2"]
[WhiteElo "2271"]
[BlackElo "2143"]
[PlyCount "65"]
[EventDate "2013.10.20"]
[EventType "team-tourn"]
[EventRounds "9"]
[EventCountry "GER"]
[SourceTitle "EXT 2015"]
[Source "ChessBase"]
[SourceDate "2014.11.20"]
[SourceVersion "1"]
[SourceVersionDate "2014.11.20"]
[SourceQuality "1"]
[WhiteTeam "Baden-Baden IV"]
[BlackTeam "Offenburg"]
[WhiteTeamCountry "GER"]
[BlackTeamCountry "GER"]

1. d4 d5 2. c4 c6 3. Nc3 Nf6 4. e3 e6 5. Nf3 Nbd7 6. Qc2 Bd6 7. g4 Nxg4 8. Rg1 Nxh2 9. Nxh2 Bxh2 10. Rxg7 Qf6 11. Rxh7 Nf8 12. Rxh8 Qxh8 13. Bd2 Qh5 14. Be2 Qg6 15. 0-0-0 Qxc2+ 16. Kxc2 Bd6 17. f4 Bd7 18. c5 Be7 19. Bh5 Nh7 20. Rg1 Nf6 21. Bf3 0-0-0 22. Rg7 Rf8 23. Be1 Ne8 24. Rh7 Nf6 25. Rh6 Ng8 26. Rh8 f5 27. Rh7 Kd8 28. Nd1 Nf6 29. Rh6 Ng4 30. Nf2 Nxf2 31. Bxf2 Rf6 32. Rh7 Be8 33. Kd3 1/2-1/2

[Event "Verbandsliga Sued Baden 1314"]
[Site "Germany"]
[Date "2013.11.17"]
[Round "2.3"]
[White "Bauer, Andreas"]
[Black "Gersinska, Juergen"]
[Result "1-0"]
[WhiteElo "2188"]
[BlackElo "2271"]
[PlyCount "61"]
[EventDate "2013.10.20"]
[EventType "team-tourn"]
[EventRounds "9"]
[EventCountry "GER"]
[SourceTitle "EXT 2015"]
[Source "ChessBase"]
[SourceDate "2014.11.20"]
[SourceVersion "1"]
[SourceVersionDate "2014.11.20"]
[SourceQuality "1"]
[WhiteTeam "Emmendingen"]
[BlackTeam "Baden-Baden IV"]
[WhiteTeamCountry "GER"]
[BlackTeamCountry "GER"]

1. e4 c5 2. Nc3 a6 3. f4 b5 4. g3 Bb7 5. Bg2 e6 6. d3 b4 7. Nce2 d5 8. e5 Nc6 9. Nf3 h5 10. d4 Nh6 11. Be3 Nf5 12. Bf2 Qb6 13. 0-0 a5 14. c3 Ba6 15. Rc1 Be7 16. h3 g6 17. Re1 Kf8 18. Qd2 Kg7 19. dxc5 Bxc5 20. Ned4 Bxd4 21. cxd4 a4 22. g4 hxg4 23. hxg4 Nh6 24. Bh3 Bc4 25. Rxc4 dxc4 26. d5 Qb5 27. dxc6 Qxc6 28. Nd4 Rad8 29. Qxb4 Rxd4 30. Bxd4 Qf3 31. Qc3 1-0

[Event "Verbandsliga Sued Baden 1213"]
[Site "Baden"]
[Date "2013.03.03"]
[Round "7.4"]
[White "Schulz, Vladimir"]
[Black "Gersinska, Juergen"]
[Result "1-0"]
[WhiteElo "2135"]
[BlackElo "2271"]
[PlyCount "71"]
[EventDate "2012.10.21"]
[EventType "team-tourn"]
[EventRounds "9"]
[EventCountry "GER"]
[SourceTitle "EXT 2014"]
[Source "ChessBase"]
[SourceDate "2013.11.20"]
[SourceVersion "1"]
[SourceVersionDate "2013.11.20"]
[SourceQuality "1"]
[WhiteTeam "Offenburg"]
[BlackTeam "Baden-Baden IV"]
[WhiteTeamCountry "GER"]
[BlackTeamCountry "GER"]

1. Nf3 Nf6 2. d4 g6 3. c4 Bg7 4. g3 0-0 5. Bg2 d6 6. Nc3 Nc6 7. d5 Na5 8. Nd2 c5 9. 0-0 a6 10. Qc2 Rb8 11. Rb1 e5 12. a3 Qc7 13. Nd1 b6 14. e4 Bh6 15. f4 exf4 16. gxf4 Nh5 17. b4 Nb7 18. f5 cxb4 19. axb4 b5 20. Nb3 Bxc1 21. Rxc1 bxc4 22. Qxc4 Qe7 23. Nd4 Nd8 24. Ne3 Qb7 25. Nc6 Nxc6 26. dxc6 Qb6 27. Qc3 Re8 28. Kh1 Qxb4 29. Qxb4 Rxb4 30. Nd5 Rd4 31. Bf3 Kg7 32. Bxh5 gxh5 33. Rg1+ Kh8 34. Nf6 Rdxe4 35. Nxe4 Rxe4 36. Rce1 1-0

[Event "Verbandsliga Sued Baden 1213"]
[Site "Baden"]
[Date "2013.01.27"]
[Round "5.4"]
[White "Zeiler, Klaus"]
[Black "Gersinska, Juergen"]
[Result "1/2-1/2"]
[WhiteElo "2067"]
[BlackElo "2271"]
[PlyCount "107"]
[EventDate "2012.10.21"]
[EventType "team-tourn"]
[EventRounds "9"]
[EventCountry "GER"]
[SourceTitle "EXT 2014"]
[Source "ChessBase"]
[SourceDate "2013.11.20"]
[SourceVersion "1"]
[SourceVersionDate "2013.11.20"]
[SourceQuality "1"]
[WhiteTeam "Konstanz"]
[BlackTeam "Baden-Baden IV"]
[WhiteTeamCountry "GER"]
[BlackTeamCountry "GER"]

1. d4 Nf6 2. Nf3 g6 3. c4 Bg7 4. Nc3 0-0 5. e4 d6 6. Be2 Na6 7. 0-0 e5 8. d5 Nc5 9. Qc2 a5 10. Bg5 h6 11. Be3 Nh5 12. g3 Bd7 13. Nd2 Nf6 14. b3 c6 15. dxc6 bxc6 16. Bxc5 dxc5 17. Na4 Bh3 18. Rfd1 Qe7 19. Qc3 Rfd8 20. Qe3 Bf8 21. Nf1 Rd4 22. f3 h5 23. Qc3 Bxf1 24. Kxf1 Bh6 25. Nb6 Rb8 26. Na4 Qa7 27. Rd3 Rbd8 28. Rad1 Ne8 29. Nb2 Nc7 30. Rxd4 cxd4 31. Qe1 Ne6 32. Nd3 f6 33. Kg2 Nc5 34. Nxc5 Qxc5 35. Bd3 Qa3 36. Qe2 Rb8 37. Qc2 c5 38. Rb1 Qb4 39. Kh3 Qb7 40. Kg2 Qd7 41. Kf1 Be3 42. Kg2 Kg7 43. h3 Kh6 44. Qe2 Rb4 45. Qc2 Qa7 46. Kf1 Qa8 47. Kg2 Rb6 48. Qd1 Rb4 49. Qc2 a4 50. Qd1 axb3 51. axb3 Rb6 52. Ra1 Ra6 53. Rxa6 Qxa6 54. Kf1 1/2-1/2

[Event "Verbandsliga Sued Baden 1011"]
[Site "Baden"]
[Date "2011.04.17"]
[Round "9.5"]
[White "Engel, Maik"]
[Black "Gersinska, Juergen"]
[Result "1-0"]
[WhiteElo "1944"]
[BlackElo "2271"]
[PlyCount "47"]
[EventDate "2010.10.17"]
[EventType "team-tourn"]
[EventRounds "9"]
[EventCountry "GER"]
[SourceTitle "EXT 2012"]
[Source "ChessBase"]
[SourceDate "2011.11.24"]
[SourceVersion "1"]
[SourceVersionDate "2011.11.24"]
[SourceQuality "1"]
[WhiteTeam "Dreilaendereck"]
[BlackTeam "Baden-Baden IV"]
[WhiteTeamCountry "GER"]
[BlackTeamCountry "GER"]

1. d4 Nf6 2. Nf3 g6 3. Nc3 c5 4. dxc5 Na6 5. Qd4 Bg7 6. e4 0-0 7. e5 Ne8 8. Be3 Nec7 9. Bc4 Ne6 10. Bxe6 fxe6 11. 0-0-0 Qa5 12. Qh4 Nxc5 13. Qxe7 b6 14. h4 Bb7 15. h5 Rf7 16. Qd6 Bxf3 17. gxf3 Bxe5 18. hxg6 hxg6 19. Bd4 Bxd4 20. Qxd4 Rg7 21. Rh6 Rf8 22. Rdh1 Rxf3 23. Rxg6 Rff7 24. Qh4 1-0

[Event "Verbandsliga Sued Baden 1011"]
[Site "Baden"]
[Date "2011.01.23"]
[Round "5.5"]
[White "Schmidt, Ralf"]
[Black "Gersinska, Juergen"]
[Result "1/2-1/2"]
[WhiteElo "2145"]
[BlackElo "2271"]
[PlyCount "85"]
[EventDate "2010.10.17"]
[EventType "team-tourn"]
[EventRounds "9"]
[EventCountry "GER"]
[SourceTitle "EXT 2012"]
[Source "ChessBase"]
[SourceDate "2011.11.24"]
[SourceVersion "1"]
[SourceVersionDate "2011.11.24"]
[SourceQuality "1"]
[WhiteTeam "Oberwinden"]
[BlackTeam "Baden-Baden IV"]
[WhiteTeamCountry "GER"]
[BlackTeamCountry "GER"]

1. e4 c5 2. Nc3 Nc6 3. g3 g6 4. Bg2 Bg7 5. d3 d6 6. Be3 Rb8 7. Qd2 b5 8. a3 a5 9. f4 b4 10. axb4 axb4 11. Nd1 Nd4 12. Nf3 Qb6 13. 0-0 Nh6 14. h3 f5 15. Ng5 0-0 16. Nf2 Nf7 17. Nxf7 Rxf7 18. g4 Bh6 19. Rab1 fxe4 20. Nxe4 Bd7 21. c3 bxc3 22. bxc3 Qxb1 23. Rxb1 Rxb1+ 24. Kh2 Ne6 25. g5 Bg7 26. d4 cxd4 27. cxd4 Rb8 28. Ng3 Nd8 29. Qa5 Rc8 30. Be4 e6 31. Qa3 Bf8 32. d5 exd5 33. Bxd5 Be6 34. Qb3 Re7 35. Ne4 Bg7 36. Nf6+ Bxf6 37. gxf6 Re8 38. Bd4 Bxd5 39. Qxd5+ Nf7 40. f5 Rc2+ 41. Kg3 Rce2 42. h4 R2e4 43. fxg6 1/2-1/2

[Event "Baden VLS 0203"]
[Site "Baden"]
[Date "2003.01.19"]
[Round "5.7"]
[White "Gersinska, Juergen"]
[Black "Malachowski, Margrit"]
[Result "1-0"]
[WhiteElo "2286"]
[BlackElo "2180"]
[PlyCount "55"]
[EventDate "2002.10.13"]
[EventType "team-tourn"]
[EventRounds "9"]
[EventCountry "GER"]
[SourceTitle "EXT 2022"]
[Source "ChessBase"]
[SourceDate "2021.10.06"]
[SourceVersion "1"]
[SourceVersionDate "2021.10.06"]
[SourceQuality "1"]
[WhiteTeam "Oos II"]
[BlackTeam "Dreilaendereck"]
[WhiteTeamCountry "GER"]
[BlackTeamCountry "GER"]

1. d4 d5 2. c4 e6 3. Nc3 Nf6 4. cxd5 exd5 5. Bg5 c6 6. Qc2 Be7 7. e3 Nbd7 8. Bd3 0-0 9. Nge2 Re8 10. h3 b6 11. 0-0-0 Bb7 12. Kb1 c5 13. dxc5 bxc5 14. Bb5 Rf8 15. Nf4 Nb6 16. Bxf6 Bxf6 17. Ne4 Rc8 18. Nxf6+ Qxf6 19. Bd3 h6 20. Bf5 Rcd8 21. Nh5 Qe7 22. Qc3 f6 23. Nf4 Qe5 24. Be6+ Kh7 25. Qc2+ f5 26. Qxc5 Rd6 27. g4 fxg4 28. Qc2+ 1-0

[Event "Verbandsliga Sued Baden 9900"]
[Site "Germany"]
[Date "1999.09.26"]
[Round "1.6"]
[White "Strittmatter, Norbert"]
[Black "Gersinska, Juergen"]
[Result "1/2-1/2"]
[WhiteElo "2107"]
[BlackElo "2295"]
[PlyCount "118"]
[EventDate "1999.10.??"]
[EventType "team"]
[EventRounds "9"]
[EventCountry "GER"]
[SourceTitle "EXT 2004"]
[Source "ChessBase"]
[SourceDate "2003.11.25"]
[SourceVersion "1"]
[SourceVersionDate "2003.11.25"]
[SourceQuality "1"]
[WhiteTeam "Waldshut II"]
[BlackTeam "Baden Oos"]
[WhiteTeamCountry "GER"]
[BlackTeamCountry "GER"]

1. e4 c5 2. Nf3 d6 3. d3 Nc6 4. g3 g6 5. Bg2 Bg7 6. 0-0 e5 7. a4 Nge7 8. Bg5 f6 9. Be3 0-0 10. Nbd2 Bg4 11. h3 Be6 12. Nc4 b6 13. Qd2 Qd7 14. Kh2 Rad8 15. Bh6 d5 16. Bxg7 Kxg7 17. exd5 Bxd5 18. Ne3 Be6 19. Qe2 Nd5 20. Nc4 Nde7 21. Rfe1 Nf5 22. Nfd2 Nfd4 23. Qd1 Bd5 24. Bxd5 Qxd5 25. Ne3 Qd7 26. Ndc4 Ne6 27. h4 Ned4 28. h5 Ne7 29. Nd2 Nef5 30. Ne4 Nd6 31. a5 Qb7 32. axb6 axb6 33. c3 Ne6 34. Nxd6 Rxd6 35. Nc4 Rd7 36. Qg4 Ng5 37. Re3 Rfd8 38. Nxe5 fxe5 39. Qxg5 Rxd3 40. Rxe5 R8d7 41. h6+ Kg8 42. Re8+ Kf7 43. Raa8 Re7 44. Qf4+ Ke6 45. Rxe7+ Kxe7 46. Qe5+ Kd7 47. Re8 Qd5 48. Qe7+ Kc6 49. Rc8+ Kb5 50. Qe8+ Qd7 51. Qg8 Rd5 52. Kg2 Kc4 53. Re8 Kd3 54. Re3+ Kc2 55. Qa8 Kxb2 56. c4 Rd3 57. Re2+ Kc3 58. Qa2 Kd4 59. Qc2 Qc6+ 1/2-1/2

[Event "Baden-Baden tt"]
[Site "Baden-Baden"]
[Date "1999.??.??"]
[Round "2"]
[White "Beikert, Guenther"]
[Black "Gersinska, Juergen"]
[Result "1-0"]
[WhiteElo "2446"]
[BlackElo "2295"]
[PlyCount "80"]
[EventDate "1999.12.??"]
[EventType "team"]
[EventRounds "5"]
[EventCountry "GER"]
[SourceTitle "CBM 073 Extra"]
[Source "ChessBase"]
[SourceDate "2000.01.11"]
[SourceVersion "1"]
[SourceVersionDate "2000.01.11"]
[SourceQuality "1"]

1. g3 g6 2. Bg2 Bg7 3. c4 d6 4. Nc3 Nc6 5. e4 e5 6. d3 Nge7 7. h4 h5 8. Bg5 f6 9. Be3 Be6 10. Nf3 Qd7 11. Nd5 Bg4 12. Qd2 a6 13. 0-0 Rc8 14. b4 Nxd5 15. cxd5 Ne7 16. d4 0-0 17. dxe5 dxe5 18. Rac1 Bh3 19. Rc2 Bxg2 20. Kxg2 f5 21. Bc5 fxe4 22. Ng5 Bh6 23. Re1 Rf5 24. Bxe7 Qxe7 25. d6 Bxg5 26. hxg5 Qe6 27. dxc7 Kg7 28. Rxe4 Rf7 29. Rec4 Rd7 30. Qe3 Qd6 31. Qf3 Qd5 32. Rc5 Qxf3+ 33. Kxf3 Kf7 34. Ke4 Rd4+ 35. Kxe5 Rxb4 36. Kd6 Rd4+ 37. Rd5 Rxd5+ 38. Kxd5 Ke7 39. Ke5 b5 40. Rc6 Kd7 1-0